[Event "Tata Steel-A 75th"]
[Site "Wijk aan Zee"]
[Date "2013.01.23"]
[Round "10"]
[White "Harikrishna, Pentala"]
[Black "Hou, Yifan"]
[Result "0-1"]
[WhiteElo "2698"]
[BlackElo "2603"]
[Annotator "Ftacnik,L"]
[PlyCount "110"]
[EventDate "2013.01.12"]
[EventType "tourn"]
[EventRounds "13"]
[EventCountry "NED"]
[EventCategory "20"]
[SourceTitle "CBM 153"]
[Source "ChessBase"]
[SourceDate "2013.03.14"]
[SourceVersion "1"]
[SourceVersionDate "2013.03.14"]
[SourceQuality "1"]

1. e4 c5 2. Nf3 d6 3. d4 cxd4 4. Nxd4 Nf6 5. Nc3 e6 6. g4 h6 7. h4 e5 {The
openings are handled very differently these days. Black is trying to lure the
opponent into the enticing check on b5 with the hope f speeding up the
development of his pieces and possibly weakening the light squares. It is
remarkable, that 8.Bb5+ might not be the best move.} 8. Nf5 (8. Bb5+ Bd7 (8...
Nbd7 9. Nf5 a6 10. Bxd7+ (10. Be2 Nc5 11. Bf3 g6 12. Ng3 Be6 13. Be3 Rc8 14. a4
Be7 15. h5 gxh5 16. Nxh5 Rg8 17. Bxh6 Nxh5 18. gxh5 {1-0 (72) Kostenko,P (2482)
-Dzhumabayev,R (2287) Astana 2012} Qb6 19. Qc1 $14) 10... Qxd7 {Practice is
proving, that White can not get very far without the light squared bishop.} 11.
f3 (11. Qf3 h5 12. gxh5 Nxh5 13. Nd5 Qc6 14. Be3 Be6 15. O-O-O Rc8 16. c3 Bxd5
17. Rxd5 Nf6 18. Rxd6 Bxd6 19. Nxg7+ Ke7 20. Bg5 Bc7 $17 {0-1 (56) Gallagher,J
(2499)-Le Quang,L (2705) Caleta 2013}) 11... b5 12. a3 (12. Ne3 Be7 13. Qd3 Qd8
14. a3 Nd7 15. h5 Nc5 16. Qe2 Bh4+ 17. Kf1 Bg5 18. Nf5 {1-0 (37) Dvoirys,S 
(2485)-Meister,J (2200) Barnaul 1984} O-O 19. Bxg5 Qxg5 20. Rd1 Na4 21. Nxa4
Bxf5 22. gxf5 bxa4 $11) 12... Bb7 13. g5 hxg5 14. Bxg5 Nh5 15. Nd5 f6 16. Nb6
Qd8 17. Be3 g6 18. Nxa8 Bxa8 19. Nd4 exd4 20. Qxd4 Be7 $11 {0-1 (48) Antal,G 
(2545)-Doros,R (2278) Aix-les-Bains 2011}) 9. Bxd7+ Qxd7 {Exchanging the
bishops is more risky for the Black player, even though he might be able to
hold equality due to the ideas of timely d6-d5 counterblow.} 10. Nf5 Nc6 11.
Rg1 (11. f3 O-O-O 12. Ne3 d5 (12... Ne7 13. Rh2 d5 14. Ncxd5 Nexd5 15. Nxd5
Nxd5 16. exd5 Bc5 17. c4 e4 18. Kd2 Qd6 $15 {0-1 (39) Canda,D (2340)-Armas,J 
(2385) Sagua la Grande 1989}) 13. Ncxd5 Nxd5 14. Nxd5 Nb4 15. c4 Bc5 16. Qe2 g6
17. a3 Nc6 18. Be3 $14 {1-0 (51) Biolek,R (2415)-Cernin,R Prerov 1995}) 11...
O-O-O 12. Ne3 d5 13. exd5 Nb4 {1/2 (13) Hjartarson,J (2505)-Adorjan,A (2535)
Esbjerg 1985}) 8... Nc6 9. Bg2 g6 10. Ne3 Be6 {Hou is very well informed about
the intricacies of the system, so she avoids the confrontation after the more
passive 10...Be7.} (10... Be7 11. Ncd5 (11. g5 hxg5 12. hxg5 Rxh1+ 13. Bxh1 Nh7
14. Nc4 Be6 15. Nd5 Bxg5 16. Bxg5 Qxg5 17. Nc7+ Kf8 18. Nxe6+ (18. Nxa8 Bxc4
19. b3 Ba6 20. Nc7 Nd4 21. Nxa6 bxa6 22. Rb1 Qg1+ 23. Kd2 Qxf2+ 24. Kc1 Nf6 $11
) 18... fxe6 $11 {1-0 (37) Koller,J (2245)-Zude,E (2395) Germany 2009} 19.
Qxd6+ Kg7 20. Rd1 (20. Qd7+ Kh8 21. Qxb7 Rf8 $17) 20... Rf8 21. Qd7+ Rf7 22.
Qd3 Nb4 $17) 11... Be6 12. c3 Qd7 13. Nxf6+ Bxf6 14. Nd5 Bg7 15. g5 hxg5 (15...
h5 16. Be3 O-O 17. Qd3 $14) 16. Bxg5 Bxd5 17. Qxd5 Ne7 18. Qd2 Qc6 19. O-O-O
$14 {1-0 (44) Santos Latasa,J (2309)-Doros,R (2338) Albena 2011}) 11. Ncd5 $1 {
Both players are rising to the challenge of demonstrating possibly the most
precise way of handling the position. The defender can handle the g-pawn
advance 11.g5 with well known counterplay against the g5-pawn.} (11. g5 hxg5
12. hxg5 Rxh1+ 13. Bxh1 Nd7 14. Ned5 Be7 15. Be3 (15. Nxe7 Kxe7 16. Be3 Qh8 17.
Bg2 Nd4 $11) 15... Bxg5 16. Bxg5 Qxg5 17. Nc7+ Ke7 18. Nxa8 Qg1+ 19. Kd2 (19.
Ke2 Bc4+ 20. Kd2 Qg5+ 21. Ke1 Qg1+ $11) 19... Qg5+ 20. Ke1 $11) 11... Bxd5 {
It is very difficult to fully evaluate this decision. White enjoys some
advantage when Black continues normal development. Black transfroms the pawn
structure, but it comes at the cost of the light squared bishop.} (11... Bg7
12. h5 O-O 13. c3 $14) 12. exd5 (12. Nxd5 Nxd5 13. exd5 (13. Qxd5 $2 Nd4 $15)
13... Ne7 14. h5 $14) 12... Ne7 13. Qe2 (13. h5 gxh5 14. gxh5 Rg8 $11) 13...
Bg7 14. Qb5+ {White is eager to exchange queens in the hope that he will
benefit from his advantage of having the bishop pair without his opponent
having any counterplay. The modest 14.Bd2 was also quite challengeing for
Black.} (14. Bd2 Rc8 15. h5 O-O 16. O-O-O $14) 14... Qd7 15. Qxd7+ (15. a4 O-O
16. Bd2 Qc7 17. h5 $14) 15... Nxd7 16. Bd2 {Harikrishna began sleeping on his
laurels and in two moves will lose all his advantage.} (16. Nc4 $1 Nc8 17. a4
h5 18. g5 Ndb6 19. Na3 Ne7 20. a5 Nbxd5 21. a6 bxa6 22. c4 Nc7 23. Bxa8 Nxa8
24. Nc2 $14) 16... Rc8 17. Bb4 $6 (17. h5 O-O 18. b3 $14) 17... Nc5 18. O-O-O (
18. h5 Bf6 $11) (18. Nc4 Kd7 19. Ne3 e4 20. Rb1 Bd4 $11) 18... O-O 19. h5 Bf6
$1 {Probably this move came as a slight shock for White. Hou will improve the
bishop to the active square g5 and get enough counterplay in all lines.} 20.
Kb1 (20. hxg6 fxg6 21. Rxh6 $2 Bg5 $17) 20... Kg7 (20... Bg5 21. Nc4 Rfd8 22.
hxg6 fxg6 23. Nxe5 dxe5 24. d6 Na6 25. Ba5 b6 26. dxe7 Rxd1+ 27. Rxd1 bxa5 28.
Bb7 Re8 29. Bxa6 Rxe7 $11) 21. Nf1 {The relocation of the knight to g3 lends a
very academic feeling to the whole manoeuvre. White has run out of ideas how
to improve his position that used to be so promising.} (21. Nc4 Rfd8 22. Na5
Rd7 $11) 21... Bg5 22. Ng3 (22. Bxc5 Rxc5 23. Ng3 f5 24. hxg6 fxg4 25. Ne4 Rxd5
26. Rxd5 Nxd5 27. Nxg5 Nf4 28. Nh7 Rb8 29. Be4 d5 30. Bf5 Nxg6 $11) 22... b6 {
Black is playing very carefully as if not to provoke the dangerous tiger. More
enterprising solutions were at hand, but the chosen strategy is sound enough.}
(22... f5 23. Bf3 (23. hxg6 fxg4 24. Rdf1 Kxg6 $11) 23... Rc7 24. hxg6 fxg4 25.
Bxg4 Rxf2 26. Bxc5 Rxc5 27. Ne4 Rcxc2 28. Nxf2 Rxf2 $11) 23. Bxc5 bxc5 (23...
Rxc5 24. Ne4 Rxd5 25. Nxg5 (25. Nxd6 Rxd1+ 26. Rxd1 f5 27. gxf5 Nxf5 $11) (25.
Rxd5 Nxd5 26. Nxg5 Nf4 27. Ne4 Nxg2 28. Nxd6 Nf4 $11) 25... Rxd1+ 26. Rxd1 hxg5
27. Rxd6 gxh5 28. gxh5 g4 $11) 24. Ne4 Rcd8 25. hxg6 {Harikrishna was geting
tired of watching for the possibility of f7-f5 at any given moment. The
downside of the exchange is the activation of the rook on f8.} (25. Rd3 f5 26.
Nxg5 hxg5 27. Ra3 Ra8 28. Ra6 fxg4 29. Rxd6 Rxf2 30. Re6 (30. Rd7 Kf6 $15)
30... Kf7 31. Be4 gxh5 32. Rxe5 Rh8 $11) 25... fxg6 26. Rh3 (26. Rd3 Ng8 27.
Ra3 Rd7 28. Ra6 (28. Nxg5 hxg5 29. Rah3 Nf6 30. Be4 Rb7 31. f3 $11) 28... Rf4
29. Nxd6 Rxf2 30. Be4 Nf6 $11) 26... Rf4 27. Ra3 {White is hoping to get at
least an even position with an attack against the a7-pawn, since the passive
strategy might have already been painful for him.} (27. f3 Ng8 28. Bf1 Nf6 29.
Bd3 a5 $15) 27... Rxg4 28. Bf3 Rf4 29. Rxa7 {White is gradually sliding
towards an endgame which is very risky for him.} (29. Rg1 Bf6 30. c4 h5 $15)
29... Rxf3 30. Nxg5 hxg5 31. Rxe7+ Kf6 32. Re6+ {[%mdl 4096] White feels
obliged to defend the f2-pawn, otherwise the black passed pawn on the g-file
would be very dangerous for him.} (32. Rb7 Rxf2 33. a4 g4 34. Rg1 Kg5 35. a5
Ra8 36. Rb6 Rxa5 37. Rxd6 c4 $17) 32... Kf5 33. Rd2 g4 34. c3 $2 {The position
was already difficult for White and there was no way he could afford a second
rate solution. The modest move of the c-pawn should have lost by force.} (34.
a4 $1 c4 35. Re2 (35. a5 c3 36. bxc3 Rxc3 $15) 35... Rh3 36. Kc1 c3 37. bxc3
Rxc3 $15) 34... Kg5 {The lady world champion has missed the best move in 34...
Rh8!, but she deserves credit for finding an alternative solution in
exploiting the f-file.} (34... Rh8 $1 35. Rxd6 (35. Re7 Kg5 36. Rd1 Rxf2 37.
Rg1 Rhf8 $19) 35... Rh2 36. Kc2 (36. a4 Rfxf2 37. Rxf2+ Rxf2 38. Rd8 g3 39. Ka2
Kg5 $19) 36... Rfxf2 37. Rxf2+ Rxf2+ 38. Kd1 g3 39. Ke1 Rf4 $19) 35. Re2 (35.
a4 Rdf8 36. Rxd6 Rxf2 37. Rd3 (37. Rxf2 Rxf2 38. Re6 g3 39. Rxe5+ Kf4 40. Re6
g5 41. Ka2 g2 $19) 37... Rb8 $19) 35... Rdf8 (35... c4 36. Kc1 Rd3 37. Kc2 Rxd5
$17) 36. Rxd6 Rxf2 $2 {The approach of the cursed 40th move has influenced too
many games in the history of chess. Black could have forced the way to victory
by defending the e5-pawn first.} (36... R8f5 $1 37. Ra6 (37. Rd8 Rxf2 38. Rxf2
Rxf2 39. d6 g3 $19) (37. a4 Rxf2 38. Re3 Kf4 39. Re1 g5 $19) (37. Re6 Rxf2 38.
Rxf2 Rxf2 39. Rxe5+ Kf4 40. Re6 g3 41. Rxg6 g2 $19) 37... Rxf2 38. Re3 R2f3 39.
Re2 g3 40. a4 Rf2 $19) 37. Rxe5+ R8f5 (37... Kf4 38. Ree6 g3 39. Rxg6 g2 40. a4
Rf1+ 41. Ka2 g1=Q 42. Rxg1 Rxg1 $17) 38. Re3 (38. Ree6 Rf6 39. Re5+ R2f5 $17)
38... R5f3 39. Re5+ Rf5 40. Re3 R2f3 {It would be too much to expect the less
standard continuation 40...Rf1+ on the last move before the control. Black
will get her position with excellent chances.} (40... Rf1+ 41. Kc2 c4 $5 42.
Rde6 Rxd5 43. b4 Rf2+ 44. Re2 g3 45. R6e3 Kg4 46. a4 g2 47. Rxf2 g1=Q $19) 41.
Ree6 Rf6 42. Re5+ R3f5 43. Rxf6 (43. Rxf5+ Kxf5 44. Rd7 g3 $19) 43... Rxe5 (
43... Kxf6 44. Re1 Rxd5 45. Kc2 c4 46. b4 $11) 44. Rf1 Rxd5 {The result of the
previous phase of the game could have satisfied Hariskrishna, if his position
did not remain so very precarious.} 45. Kc2 (45. b4 cxb4 46. cxb4 Rd4 $1 47. a3
(47. b5 Rb4+ 48. Kc2 Rxb5 49. a4 Rc5+ 50. Kd2 g3 $19) 47... g3 48. Kc2 Kg4 49.
b5 g2 50. Rg1 Kf3 51. Kc3 Rf4 52. b6 Rf6 $19) 45... Rf5 {Home analysis proves
that Black could have won with the immediate advance of the g-pawn. The line
is long and it would require very good play from the stronger side.} (45... g3
46. b4 cxb4 47. cxb4 Kg4 48. Rg1 Kh3 49. a4 Rd4 50. Kc3 Rf4 51. a5 (51. b5 Rxa4
52. Rh1+ Kg4 53. Rg1 Ra3+ 54. Kc4 Ra2 55. b6 Rb2 56. Kc5 g2 $19) 51... g2 52.
a6 Rf3+ 53. Kc4 (53. Kb2 Rf6 54. b5 Rb6 $19) 53... Rf1 54. Rxg2 Kxg2 55. b5 Ra1
56. Kc5 g5 57. Kb6 g4 58. Ka7 g3 59. b6 Kf1 60. b7 g2 61. b8=Q g1=Q+ 62. Qb6
Qg5 $19) 46. Rg1 c4 47. Kd2 {White's position is beyond hope, but it was more
sensible to try for counterplay with the pawn advance 47.b4.} (47. b4 cxb3+ 48.
axb3 (48. Kxb3 Kf4 49. c4 g3 50. a4 Kf3 51. c5 Kf2 52. Rd1 g2 $19) 48... Kh4
49. c4 g3 50. Kd3 (50. b4 Kh3 51. Rh1+ Kg2 52. Rh6 Rf6 53. c5 Kf3 54. Rh1 g2
55. Re1 Kg3 56. Re5 Rf4 $19) 50... Kh3 51. Rh1+ Kg2 52. Rh6 Rf6 53. Ke4 Kf2 54.
Ke5 Rc6 55. Kd5 g2 56. Kxc6 g1=Q $19) 47... Rf2+ $1 (47... Kf4 48. b4 cxb3 49.
axb3 Kf3 50. c4 g3 51. Rf1+ Kg2 52. Rxf5 gxf5 53. c5 f4 54. c6 f3 55. c7 f2 56.
c8=Q f1=Q $17) 48. Ke3 Rxb2 {The fight is over and White's attempt at
resisting will prove to be futile.} 49. Ra1 (49. a3 Rh2 50. a4 (50. Rb1 g3 51.
a4 Kg4 52. Rb4 g2 53. Kf2 Kh3 $19) 50... Ra2 51. Rb1 Rxa4 52. Rb5+ Kh4 $19)
49... g3 50. Kf3 g2 51. Kg3 (51. Rg1 Rxa2 52. Kg3 Kf5 53. Kf3 g5 54. Kg3 Ke4
55. Rd1 g4 56. Kxg4 Rd2 57. Re1+ Kd3 $19) (51. a4 Kh4 52. a5 Ra2 53. Rxa2 g1=Q
$19) 51... Rxa2 52. Rb1 Kf5 {It is enough for the black king to get closer to
the c3-pawn. The rest of the game is a painful finish for White.} 53. Kh2 (53.
Kf3 Rc2 54. Rb5+ Kf6 55. Rb1 g5 $19) 53... Ke4 54. Rd1 Kf3 55. Rd6 Ra5 $1 {
The rook endgame has proven to be very dangerous for White.} (55... Ra5 $1 56.
Rf6+ Rf5 $19) 0-1

[Event "Biel Suri Memorial"]
[Site "Biel"]
[Date "2014.07.14"]
[Round "1"]
[White "Hou, Yifan"]
[Black "Giri, Anish"]
[Result "1-0"]
[WhiteElo "2629"]
[BlackElo "2750"]
[Annotator "CB"]
[PlyCount "55"]
[EventDate "2014.07.14"]
[EventType "tourn"]
[EventRounds "10"]
[EventCountry "SUI"]
[EventCategory "19"]
[SourceTitle "CBM 162"]
[Source "ChessBase"]
[SourceDate "2014.09.17"]
[SourceVersion "1"]
[SourceVersionDate "2014.09.17"]
[SourceQuality "1"]

1. e4 c5 2. Nf3 d6 3. Bb5+ Nd7 4. d4 cxd4 5. Qxd4 a6 6. Be2 {A very strange
move; Hou Yifan continues employing the unusual openings that have brought her
success in the women events.} Ngf6 7. O-O e5 8. Qe3 d5 $6 {This move is
somewhat strange. Opening the position doesn't make sense as long as Black is
underdeveloped.} 9. exd5 Bc5 $2 {Giri goes for some kind of bold sacrifice.
However where exactly his compensation is is very unclear.} (9... Nxd5 10. Qd2
N5f6 11. Nc3 $14) 10. Qd2 O-O 11. c4 e4 (11... Ne4 12. Qc2 Ndf6 13. Nc3 Nxc3
14. Qxc3 $16) 12. Nd4 Ne5 (12... Qb6 13. Nb3 Bd6 14. Nc3 $16 {This is simply a
pawn up for White.}) 13. b4 {White takes advantage of her position to grab as
much space as possible. She does not fall into passive play as there are no
threats to take care of yet.} Ba7 14. Nc3 Bg4 15. c5 $1 {A very powerful move.
White is using her extra material to shut down Black's bishop on a7 and with
that preventing any kind of counterplay. The threat of installing a powerful
passed pawn on d6 is very real.} a5 16. a3 Nxd5 $6 {Not a good move, but
Black's position was already bad.} 17. Nxe4 Bb8 18. f3 $1 {Very precise. The
Light-squared bishop does not have a good retreat.} Nf4 $2 {Some kind of
attempt to muddy the waters, but Hou Yifan has everything under control.} 19.
Nd6 $1 {This well calculated move nets a piece.} (19. Qxf4 Nxf3+ 20. Nxf3 Bxf4
21. Bxf4 axb4 {turns the tables. White cannot recapture on b4 and the three
pieces dont have the necessary coordination yet.}) 19... Bxd6 20. cxd6 Nxe2+
21. Qxe2 {This is the point. Now both e5 and g4 are hanging.} Qxd6 22. Nb5 {
And now it is the Queen and the Bishop.} Qf6 23. fxg4 $1 (23. Bb2 Bd7 24. Bxe5
Qb6+ 25. Nd4 Rfe8 {probably wins somehow but it is not as clear.}) 23... Nf3+
24. Qxf3 Qxa1 25. Be3 (25. Bf4 {with the idea of Bd6 was also game over.})
25... Qf6 26. Qxf6 gxf6 27. Nc7 Rac8 28. Nd5 {White is up a significant amount
of material and Black has nothing to show for it. An amazing demolition of a
2750 player.} 1-0

[Event "Biel Suri Memorial"]
[Site "Biel"]
[Date "2014.07.23"]
[Round "9"]
[White "Hou, Yifan"]
[Black "Motylev, Alexander"]
[Result "1-0"]
[WhiteElo "2629"]
[BlackElo "2698"]
[Annotator "Sumets,A"]
[PlyCount "99"]
[EventDate "2014.07.14"]
[EventType "tourn"]
[EventRounds "10"]
[EventCountry "SUI"]
[EventCategory "19"]
[SourceTitle "CBM 162"]
[Source "ChessBase"]
[SourceDate "2014.09.17"]
[SourceVersion "1"]
[SourceVersionDate "2014.09.17"]
[SourceQuality "1"]

1. e4 c6 2. d4 d5 3. Nc3 dxe4 4. Nxe4 Bf5 5. Ng3 Bg6 6. N1e2 Nf6 {The most
reliable line. Black gives his opponent the bishop pair.} (6... e6 7. Nf4 Bd6 (
7... Qc7 8. c3 Nf6 9. h4 Bd6 10. Qf3 Nbd7 11. h5 Bc2 12. h6 gxh6 $5 (12... g6
13. Bd3 Bxd3 14. Nxd3 Qa5 $13) 13. Bd3 Bxd3 14. Nxd3 Rg8 15. Nh5 Ng4 16. Bd2
O-O-O 17. Qxf7 (17. O-O-O $5) 17... c5 $6 (17... Rdf8 18. Qxh7 Qd8 19. Qe4 e5
$13) 18. Qxh7 Qc6 19. f3 Nh2 20. O-O-O Rxg2 21. dxc5 $6 (21. Bf4 c4 (21... Qa4
$2 22. Ne1 $18) 22. Bxd6 Qxd6 $8 23. Nhf4 Rg5 24. Qxh6 Nxf3 25. Ne5 $16) 21...
Nxf3 (21... Nxc5 22. Nxc5 Qxc5 23. Qxh6 Nxf3 24. Qxe6+ Kb8 $44) 22. cxd6 Rxd2
23. Qxh6 Qxd6 24. Rxd2 Nxd2 25. Nhf4 $16 {Socko,B (2622)-Berkes,F (2665)
Budapest HUN 2014 1/2-1/2 (55)}) (7... Qh4 8. Be3 Nd7 9. Qd2 Be7 10. Be2 Ngf6
11. Nxg6 hxg6 12. Bg5 Qh7 13. O-O-O Bd6 14. Bf3 O-O-O 15. h4 $14 {Brunello,S 
(2593)-Erenburg,S (2615) Helsingor 2013 1-0 (52)}) 8. Ngh5 Bxh5 9. Nxh5 g6 10.
Ng3 Nf6 11. c3 Nbd7 12. Bc4 Qc7 13. Qf3 O-O 14. Bg5 Kg7 15. O-O h6 16. Be3 c5
17. Bb3 cxd4 18. cxd4 $5 (18. Bxd4 Bc5 19. Bxc5 Nxc5 20. Bc2 Rfd8 $11) 18...
Rac8 19. Rad1 h5 20. h3 Nb6 21. Ne4 Nxe4 22. Qxe4 Qd7 $11 {Andriasian,Z (2600)
-Navara,D (2700) Yerevan ARM 2014 0-1 (62)}) 7. Nf4 (7. c3 $5 e6 8. Nf4 Bd6 9.
h4 Bxf4 $6 (9... Qc7 {Leads to the line, which we saw in the above mentioned
game B, Sochko - F, Berkes.}) 10. Bxf4 h6 11. h5 Bh7 12. Qb3 Qe7 13. Be2 O-O
14. O-O Nd5 15. Bd2 $14 {with a comfortable edge for White. Fedorchuk,S (2603)
-Sumets,A (2545) Warsaw 2008 (48)}) 7... e5 8. Nxg6 hxg6 9. dxe5 Qa5+ 10. Bd2
Qxe5+ 11. Qe2 Nbd7 12. O-O-O ({Much more popular is} 12. Qxe5+ Nxe5 13. f4 (13.
Bc3 Ned7 14. O-O-O Bc5 15. Bd4 Rh4 $1 16. Bxc5 Nxc5 17. Be2 Kf8 18. h3 Re8 19.
Bf3 Nh7 20. Rhe1 Rxe1 21. Rxe1 Ng5 22. Re3 f5 23. Ne2 Kf7 $15 {with a slightly
better position for Black; Pavlidis,A (2479)- Nisipeanu,L (2686) Pardubice CZE
2014 1/2-1/2 (59)}) 13... Ned7 14. O-O-O Bd6 (14... Bc5 {Seems to be more
precise move than 14....Bd6} 15. Re1+ Kf8 16. Bd3 Bf2 17. Ref1 Bc5 18. Re1 (18.
Ne4 Nxe4 19. Bxe4 f5 20. Bd3 Nf6 21. h3 Re8 22. Re1 Kf7 23. Bc4+ Nd5 $11) 18...
Bf2 19. Ref1 Bc5 20. Re1 Bf2 {1/2-1/2 (20) Cornette,M (2533) -Bacrot,E (2720)
Nimes FRA 2014}) 15. Bc4 Rh4 $6 {an useless move.} (15... Nb6 16. Bb3 Nbd5 17.
f5 O-O-O 18. fxg6 fxg6 19. Rde1 Bf4 $11) 16. Ne2 Bc5 17. g3 Rh8 18. Nc3 Nb6 19.
Rde1+ Kf8 20. Bd3 Re8 21. Rxe8+ Kxe8 22. f5 $6 gxf5 23. Bxf5 Bf2 $11 {Djukic,N
(2545)-Sumets,A (2620) Skopje 2013 1/2 (33)}) 12... O-O-O 13. Qxe5 ({White has
nothing after} 13. Qc4 Nd5 $1 14. Bd3 $6 (14. Re1 Qc7 15. h4 (15. Ne4 $5 Rxh2
16. Rxh2 Qxh2 17. Ng5 $11) 15... Bc5 16. Ne4 Bb6 17. f4 $2 (17. Re2 Nf4 18.
Nd6+ Qxd6 19. Qxf4 Qxf4 20. Bxf4 Rde8 21. f3 Bc7 $11) 17... Rhe8 18. g3 f5 19.
Nc3 N7f6 $6 (19... Be3 $1 20. Bxe3 Nxe3 21. Qe2 Qb6 $17) 20. Rxe8 Rxe8 21. Nxd5
cxd5 22. Qxc7+ Kxc7 $11 {Vedder,H (2367)-Dreev,A (2679) Rhodes 2013 1/2-1/2 
(70)}) 14... Nc5 (14... f5 $5 15. Kb1 Bc5 {with better chances}) 15. Be2 Be7
16. Rde1 Qc7 17. Bf3 Rh4 18. Qe2 Bf6 19. Ne4 {1/2-1/2 (19) Hracek,Z (2605)
-Schlosser,P (2550) Germany 1998  Probably the draw agreement was a bit
premature. After} Nxe4 20. Bxe4 Nf4 $1 {White is in trouble} 21. Qf3 (21. Qe3
Bg5 $17) 21... Bxb2+ 22. Kxb2 Rxd2 23. g3 Qb6+ 24. Kc1 Rxf2 25. Qd1 Rh8 $1 26.
gxf4 Rd8 $40) 13... Nxe5 14. h3 {Preventing ...Ng4.} Bc5 15. f4 Ned7 16. Bc4
Bf2 17. Nf1 $146 ({Leads to a draw} 17. Be1 Be3+ 18. Bd2 $8 Bf2) 17... Rhf8 18.
Bb4 Bc5 19. Bxc5 Nxc5 $11 20. Ng3 b5 21. Rxd8+ Kxd8 22. Be2 Kc7 {The position
is roughly equal. Black's nights are well-placed, that compensates double
pawns.} 23. Rd1 $6 {An useless move.} Nd5 24. Rf1 f5 $1 $15 {Now Black is
slightly better.} 25. Bf3 Nxf4 26. Bxc6 Nfd3+ {Now the game is equal. The
d-pawn controls the center and can be a passed pawn in the future.} (26... Kxc6
$1 27. Rxf4 Re8 28. Kd2 Na4 29. b3 Rd8+ 30. Kc1 Nc3 $15 {Probably Black's
advantage is not enough to win but he could try his chances.}) 27. cxd3 Kxc6
28. Kc2 Re8 29. Kd2 Rd8 30. Rf3 $11 Nb7 $6 {A strange maneuver, the knight is
well placed on c5.} (30... Kd6 31. Ne2 Ke7 32. Kc3 Ne6 $11) 31. Ne2 Nd6 $2 {
A blunder. Black loses a pawn.} 32. Nf4 Nc4+ (32... g5 33. Ne6 Rd7 34. Nd4+ Kd5
35. Nxf5 $16 {It would be very difficult for Black to save the game.}) 33. Kc2
(33. Kc3 $142 Ne5 34. Re3 Kd6 35. Rg3 $16) 33... Ne5 34. Re3 $1 $16 (34. Rg3
Rd6 35. Re3 g5 $1 36. Rxe5 gxf4 37. Rxf5 Rg6 38. Rxf4 Rxg2+ 39. Kc3 a5 {
With good chances to draw.}) 34... Kd6 35. Rg3 Rf8 $2 {Black loses 2 pawns.} (
35... Rc8+ 36. Kd2 a5 37. Nxg6 $6 Nc6 38. Nf4 Ke5 39. Ke3 Rc7 $16 {With one
pawn down Black has small chances to a draw.}) 36. d4 $1 $18 Rc8+ 37. Kd1 Nd7
38. Rxg6+ Nf6 39. Rxg7 Rc4 40. Ne2 Ra4 41. a3 b4 42. axb4 Rxb4 43. Kc2 Nd5 44.
g3 (44. h4 $1 Ne3+ 45. Kd3 Nd5 46. h5 Rxb2 47. h6 $18) 44... Ne3+ 45. Kd3 Nd1
46. b3 $1 Nf2+ (46... Rxb3+ 47. Kc2 $18) 47. Kc3 a5 48. Ra7 Nd1+ 49. Kd2 Nf2
50. Kc2 1-0